The end / (Record no. 3669)
[ view plain ]
| 000 -LEADER | |
|---|---|
| fixed length control field | 00854nam a22002537a 4500 |
| 001 - CONTROL NUMBER | |
| control field | 3669 |
| 003 - CONTROL NUMBER IDENTIFIER | |
| control field | FISKH |
| 005 - DATE AND TIME OF LATEST TRANSACTION | |
| control field | 20240405095122.0 |
| 008 - FIXED-LENGTH DATA ELEMENTS--GENERAL INFORMATION | |
| fixed length control field | 240405b cb ||||| |||| 00| 0 eng d |
| 040 ## - CATALOGING SOURCE | |
| Original cataloging agency | FISK |
| Language of cataloging | eng |
| Transcribing agency | FISK |
| Modifying agency | FISK |
| 050 ## - LIBRARY OF CONGRESS CALL NUMBER | |
| Classification number | PZ7.S6795 |
| 082 ## - DEWEY DECIMAL CLASSIFICATION NUMBER | |
| Classification number | 813.6 |
| 100 ## - MAIN ENTRY--PERSONAL NAME | |
| Personal name | Snicket Lemony |
| Dates associated with a name | 1970- |
| 245 ## - TITLE STATEMENT | |
| Title | The end / |
| Statement of responsibility, etc. | Lemony Snicket |
| 260 ## - PUBLICATION, DISTRIBUTION, ETC. | |
| Place of publication, distribution, etc. | London : |
| Name of publisher, distributor, etc. | Egmont Books Limited, |
| Date of publication, distribution, etc. | 2006 |
| 300 ## - PHYSICAL DESCRIPTION | |
| Extent | 324 pages : |
| Dimensions | 21 cm |
| 490 ## - SERIES STATEMENT | |
| Series statement | A series of unfortunate events |
| Volume/sequential designation | book 13 |
| 505 ## - FORMATTED CONTENTS NOTE | |
| Formatted contents note | Z |
| 520 ## - SUMMARY, ETC. | |
| Summary, etc. | Lost at sea, the Baudelaire orphans, along with the evil Count Olaf, wash up on the shore of an island populated by an oddly placid group of inhabitants, and they try to decide whether or not they are truly safe. |
| 521 8# - TARGET AUDIENCE NOTE | |
| Target audience note | 1370 |
| Source | Lexile |
| 700 ## - ADDED ENTRY--PERSONAL NAME | |
| Personal name | Lemony Snicket |
| 942 ## - ADDED ENTRY ELEMENTS (KOHA) | |
| Source of classification or shelving scheme | Dewey Decimal Classification |
| Koha item type | Books |
| Suppress in OPAC | No |
| Withdrawn status | Lost status | Source of classification or shelving scheme | Damaged status | Not for loan | Collection | Home library | Current library | Shelving location | Date acquired | Total Checkouts | Full call number | Barcode | Date last seen | Copy number | Price effective from | Koha item type |
|---|---|---|---|---|---|---|---|---|---|---|---|---|---|---|---|---|
| Dewey Decimal Classification | Fiction | Footprints International School Library Network Toul Kork Campus | Footprints International School Library Network Toul Kork Campus | TTP Secondary Fiction Bookshelves | 04/05/2024 | SNI PZ7.S6795 813.6 | 2024-0472 | 04/05/2024 | 1 | 04/05/2024 | Books |
